Handbook of environmental control Volume IV Wastewater: teratment and disposal
Guardado en:
| Otros Autores: | , |
|---|---|
| Formato: | Libro |
| Lenguaje: | inglés |
| Publicado: |
Cleveland
CRS Press
1973
|
| Materias: | |
| Acceso en línea: | Ver en el OPAC |
| Etiquetas: |
Sin Etiquetas, Sea el primero en etiquetar este registro!
|
MARC
| LEADER | 00000nam a2200000 a 4500 | ||
|---|---|---|---|
| 005 | 20260127134255.0 | ||
| 008 | 090529 1974 xxu 000 0 eng d | ||
| 020 | |a 0878192700 (set) | ||
| 020 | |a 0878192743 (v.IV) | ||
| 035 | |a vtls009518804 | ||
| 039 | 9 | |y 200905291120 |z mschk03 | |
| 040 | |a STUSCHK1 |b slo |c STUSCHK1 |e AACR2 | ||
| 080 | |a 628 | ||
| 080 | |a 504 | ||
| 245 | 1 | |a Handbook of environmental control |n Volume IV |p Wastewater: teratment and disposal |c editor Richard G, Bond, Conrad P. Straub | |
| 260 | |a Cleveland |b CRS Press |c 1973 | ||
| 300 | |a xi, 905 s. |b il. |c 27 cm | ||
| 650 | 0 | |a životné prostredie | |
| 650 | 0 | |a odpady | |
| 700 | 1 | |a Bond, Richard G. |4 edt | |
| 700 | 1 | |a Straub, Conrad |4 edt | |
| 910 | |a SCHK95 | ||
| 919 | |a 0-87819-270-0 (set) | ||
| 919 | |a 0-87819-274-3 (v.IV) | ||
| 999 | |c 8456 |d 8456 | ||